[Event "Lansing Mini-Swiss (June)"]
[Site "Lansing, Mich."]
[Date "1994.06.12"]
[Round "1"]
[White "Noren, Kevin"]
[Black "Moody, David"]
[Result "1-0"]
[WhiteElo "2269"]
[BlackElo "2004"]
[PlyCount "129"]
[EventDate "1994.06.12"]

1. e4 e5 2. Nf3 Nc6 3. Nc3 Nf6 4. Bb5 Bb4 5. O-O O-O 6. Bxc6 dxc6 7. d3 Nd7 8.
Ne2 Re8 9. Ng3 Bf8 10. h3 g6 11. Bg5 f6 12. Bd2 Bg7 13. Nh2 Nf8 14. Ne2 Ne6 15.
Kh1 f5 16. exf5 gxf5 17. Ng3 f4 18. Nf5 Nd4 19. Nxg7 Kxg7 20. c3 Nf5 21. d4 Nh4
22. Qh5 Ng6 23. Rae1 e4 24. c4 Kg8 25. d5 cxd5 26. cxd5 Re5 27. Qh6 Qf8 28.
Qxf8+ Kxf8 29. Bc3 Re8 30. Rc1 f3 31. gxf3 Bxh3 32. Rg1 Rac8 33. fxe4 Rxe4 34.
Nf3 Rf4 35. Ng5 Rh4 36. Nxh3 Rxh3+ 37. Kg2 Nf4+ 38. Kf1 Nxd5 39. Bg7+ Kf7 40.
Be5 c6 41. Rg7+ Ke6 42. Kg2 Rh5 43. Bg3 Nb4 44. Rxb7 a5 45. Re1+ Kf6 46. Ree7
Nxa2 47. Rxh7 Rxh7 48. Rxh7 Nb4 49. Ra7 c5 50. Rxa5 Nd3 51. Rb5 c4 52. Kf3 c3
53. bxc3 Rxc3 54. Ke4 Rb3 55. Ra5 Ne1 56. Be5+ Ke6 57. Ra6+ Kf7 58. f4 Rb4+ 59.
Kf5 Nd3 60. Ra7+ Ke8 61. Ke6 Rb6+ 62. Bd6 Nxf4+ 63. Ke5 Ng6+ 64. Kd5 Kd8 65.
Bc7+ 1-0

[Event "Lansing Mini-Swiss (June)"]
[Site "Lansing, Mich."]
[Date "1994.06.12"]
[Round "3"]
[White "Moody, David"]
[Black "Linn, Peter"]
[Result "1/2-1/2"]
[WhiteElo "2004"]
[BlackElo "2164"]
[PlyCount "38"]
[EventDate "1994.06.12"]

1. e4 d5 2. Nc3 e6 3. d4 Bb4 4. e5 c5 5. a3 Bxc3+ 6. bxc3 Ne7 7. Nf3 Bd7 8. a4
Nbc6 9. Bb5 Qc7 10. O-O O-O 11. Ba3 b6 12. dxc5 Rfc8 13. cxb6 axb6 14. Nd4 Nxe5
15. Bxe7 Bxb5 16. axb5 Qxe7 17. f4 Nc4 18. Nc6 Qc5+ 19. Qd4 Qxd4+ 1/2-1/2

[Event "Lansing Mini-Swiss (June)"]
[Site "Lansing, Mich."]
[Date "1994.06.12"]
[Round "2"]
[White "Moody, David"]
[Black "Aldrich, Jeff"]
[Result "1-0"]
[WhiteElo "2004"]
[BlackElo "1900"]
[PlyCount "75"]
[EventDate "1994.06.12"]

1. e4 c6 2. d4 d5 3. exd5 cxd5 4. Bd3 Nc6 5. c3 Nf6 6. Bf4 e6 7. Nf3 Bd6 8.
Bxd6 Qxd6 9. O-O O-O 10. Nbd2 Rb8 11. Qe2 Ne7 12. Ne5 Ng6 13. f4 Bd7 14. g4 b5
15. g5 Ne8 16. Qh5 f5 17. Nxg6 hxg6 18. Qxg6 b4 19. Rf3 bxc3 20. bxc3 Rb2 21.
Nb3 a5 22. Nc5 Bc8 23. Re1 Nc7 24. Re5 Rxa2 25. Rh3 Ra1+ 26. Kf2 Qe7 27. Qh5 g6
28. Qh8+ Kf7 29. Rh7+ Ke8 30. Rxe7+ Kxe7 31. Qg7+ Rf7 32. Qxg6 a4 33. Bxf5 a3
34. Bxe6 Nxe6 35. Nxe6 a2 36. Nc5+ Kf8 37. Qh6+ Rg7 38. Qf6+ 1-0

[Event "Lansing June Mini-Swiss.1"]
[Site "?"]
[Date "1994.06.12"]
[Round "3"]
[White "Evans Sr., Thomas"]
[Black "Aldrich, Jeff"]
[Result "0-1"]
[WhiteElo "1913"]
[BlackElo "1900"]
[PlyCount "56"]
[EventDate "1994.??.??"]

1. d4 d5 2. Nf3 Nf6 3. Bf4 c5 4. Bxb8 Rxb8 5. c3 e6 6. Qa4+ Bd7 7. Qxa7 Ra8 8.
Qxb7 Rb8 9. Qa7 Rxb2 10. dxc5 Ne4 11. Ne5 Bxc5 12. Qxd7+ Qxd7 13. Nxd7 Kxd7 14.
e3 Rhb8 15. Bb5+ R8xb5 16. O-O Nxf2 17. a4 Rb8 18. h3 Bxe3 19. Kh2 Bf4+ 20. Kg1
Bg3 21. Na3 R8b3 22. c4 Nxh3+ 23. gxh3 Bh2+ 24. Kh1 Rxh3 25. Rxf7+ Ke8 26. Raf1
Be5+ 27. Kg1 Bd4+ 28. R7f2 Rxf2 0-1

[Event "Lansing June Mini-Swiss.1"]
[Site "?"]
[Date "1994.06.12"]
[Round "1"]
[White "Aldrich, Jeff"]
[Black "Fuller, William"]
[Result "0-1"]
[WhiteElo "1900"]
[BlackElo "2026"]
[PlyCount "52"]
[EventDate "1994.??.??"]

1. d4 Nf6 2. c4 c5 3. d5 b5 4. cxb5 a6 5. bxa6 Bxa6 6. Nc3 d6 7. g3 g6 8. Bg2
Bg7 9. Nf3 O-O 10. O-O Nbd7 11. Re1 Qa5 12. a4 Rfb8 13. Rb1 Ng4 14. Bd2 c4 15.
e3 Nge5 16. b4 cxb3 17. Rxb3 Rxb3 18. Qxb3 Nxf3+ 19. Bxf3 Ne5 20. Bg2 Nc4 21.
Ne4 Nxd2 22. Nxd2 Qxd2 23. Rb1 Rc8 24. Be4 Rc1+ 25. Rxc1 Qxc1+ 26. Kg2 Bf1+ 0-1

[Event "Fowlerville Minor Swiss"]
[Site "Fowlerville, Mich."]
[Date "1994.06.18"]
[Round "2"]
[White "Schey, Danny"]
[Black "Moody, David"]
[Result "0-1"]
[WhiteElo "1688"]
[BlackElo "2004"]
[PlyCount "76"]
[EventDate "1994.06.18"]

1. Nf3 f5 2. g3 g6 3. Bg2 Bg7 4. d4 Nf6 5. c4 O-O 6. Nc3 d6 7. O-O c6 8. d5 Qc7
9. Be3 a6 10. Rc1 c5 11. Qd2 Rd8 12. Ng5 Qa5 13. Bf4 b5 14. b3 b4 15. Nd1 Qb6
16. e4 fxe4 17. Nxe4 Bf5 18. Nxf6+ Bxf6 19. Bg5 Re8 20. Re1 Qd8 21. Bxf6 exf6
22. Nb2 Ra7 23. Rxe8+ Qxe8 24. Re1 Re7 25. Rxe7 Qxe7 26. Nd3 a5 27. h4 Nd7 28.
Nf4 Nb6 29. Bh3 Bxh3 30. Nxh3 a4 31. Nf4 Qe5 32. Ne6 g5 33. hxg5 fxg5 34. Qxg5+
Qxg5 35. Nxg5 Nxc4 36. bxc4 b3 37. axb3 a3 38. Ne4 a2 0-1

[Event "Fowlerville Minor Swiss"]
[Site "Fowlerville, Mich."]
[Date "1994.06.18"]
[Round "3"]
[White "Moody, David"]
[Black "Wright, Kenneth"]
[Result "1-0"]
[WhiteElo "2004"]
[BlackElo "1562"]
[PlyCount "71"]
[EventDate "1994.06.18"]

1. e4 e5 2. Nf3 d6 3. d4 exd4 4. Nxd4 Nf6 5. Nc3 a6 6. Bc4 Be7 7. O-O b5 8. Bb3
c5 9. Ndxb5 axb5 10. Nxb5 Ba6 11. Bc4 O-O 12. Bf4 Bxb5 13. Bxb5 Qb6 14. a4 Rd8
15. Qe2 Nc6 16. c3 Bf8 17. Rfd1 Ne5 18. Bg5 Be7 19. f4 Neg4 20. Bc4 Ra7 21. e5
dxe5 22. fxe5 Rxd1+ 23. Rxd1 Qc7 24. Bxf6 Nxf6 25. exf6 gxf6 26. Qg4+ Kf8 27.
Qh5 Bd6 28. Qxh7 Rxa4 29. Qh8+ Ke7 30. Bb5 Ra8 31. Qxa8 Bxh2+ 32. Kh1 Ke6 33.
Bd7+ Ke5 34. Qd5+ Kf4 35. Qf5+ Ke3 36. Qf3# 1-0

[Event "Fowlerville Minor Swiss"]
[Site "Fowlerville, Mich."]
[Date "1994.06.18"]
[Round "1"]
[White "Moody, David"]
[Black "Spencer, Gordon"]
[Result "1-0"]
[WhiteElo "2004"]
[BlackElo "1488"]
[PlyCount "47"]
[EventDate "1994.06.18"]

1. e4 c5 2. Nf3 d6 3. d4 cxd4 4. Nxd4 g6 5. Nc3 Bg7 6. Be3 e6 7. Qd2 Ne7 8. Bc4
a6 9. O-O-O b5 10. Bb3 Nbc6 11. f4 Na5 12. g4 Nxb3+ 13. axb3 Bb7 14. Rhf1 Rc8
15. f5 e5 16. f6 exd4 17. fxg7 Rg8 18. Bxd4 Qa5 19. Qf2 b4 20. Qxf7+ Kd7 21.
Bf6 Rge8 22. g8=Q bxc3 23. Qe6+ Kc7 24. Qxd6# 1-0

[Event "Fowlerville Minor Swiss"]
[Site "Fowlerville, Mich."]
[Date "1994.06.18"]
[Round "4"]
[White "Moody, David"]
[Black "Burris, David"]
[Result "1-0"]
[WhiteElo "2004"]
[BlackElo "1756"]
[PlyCount "107"]
[EventDate "1994.06.18"]

1. e4 c6 2. d4 d5 3. exd5 cxd5 4. Bd3 Nf6 5. c3 Nc6 6. Bf4 e6 7. Nf3 Bd6 8.
Bxd6 Qxd6 9. O-O O-O 10. Qe2 Bd7 11. Ne5 Rfc8 12. f4 Qf8 13. Nd2 Rc7 14. Ndf3
h6 15. g4 Be8 16. g5 hxg5 17. Nxg5 g6 18. Nxg6 Qg7 19. Ne5 Ne7 20. Kh1 Qh6 21.
Rg1 Kf8 22. Ng4 Nxg4 23. Qxg4 Bd7 24. Qe2 Ng6 25. Bxg6 Qxg6 26. Qe5 Rcc8 27.
Rae1 Ke7 28. Nxe6 Qf6 29. Nc7+ Qxe5 30. Rxe5+ Kd6 31. Nxa8 Rxa8 32. Rge1 Rg8
33. Rg1 Rh8 34. Rg7 Be6 35. f5 Bd7 36. Rxf7 Rh5 37. Rxd7+ Kxd7 38. Rxd5+ Ke7
39. f6+ Kxf6 40. Rxh5 Ke6 41. Kg2 Kf6 42. Kf3 Kg6 43. Re5 Kf6 44. Kg4 Kg6 45.
Re6+ Kf7 46. Kf5 Kg7 47. Re7+ Kf8 48. Kf6 Kg8 49. Rf7 b6 50. Kg6 a5 51. h4 b5
52. b4 a4 53. a3 Kh8 54. Rf8# 1-0

[Event "U.S. Open"]
[Site "Chicago, Ill."]
[Date "1994.08.07"]
[Round "1"]
[White "Robledo, Mark"]
[Black "Moody, David"]
[Result "0-1"]
[WhiteElo "1330"]
[BlackElo "2003"]
[PlyCount "48"]
[EventDate "1994.08.07"]

1. e4 e5 2. Nf3 Nc6 3. Bb5 a6 4. Ba4 Nf6 5. O-O Be7 6. Re1 b5 7. Bb3 O-O 8. c3
d5 9. exd5 Nxd5 10. Nxe5 Nxe5 11. Rxe5 c6 12. d4 Bd6 13. Re1 Qh4 14. g3 Qh3 15.
Qf3 Bg4 16. Qd3 Rae8 17. Be3 Nf4 18. Qf1 Qh5 19. Bxf4 Bh3 20. Rxe8 Rxe8 21. Bd1
Qf5 22. Bc2 Qxc2 23. Qxh3 Re1+ 24. Kg2 Qe4+ 0-1

[Event "Monday Cash Quad"]
[Site "Chicago, Ill."]
[Date "1994.08.08"]
[Round "3"]
[White "Taylor, Tom"]
[Black "Moody, David"]
[Result "1/2-1/2"]
[WhiteElo "1957"]
[BlackElo "2003"]
[PlyCount "59"]
[EventDate "1994.08.08"]

1. e4 e5 2. Nf3 Nc6 3. Bb5 a6 4. Bxc6 dxc6 5. O-O Qd6 6. d4 exd4 7. Nxd4 Bd7 8.
Nc3 O-O-O 9. Be3 Qg6 10. Qf3 Nf6 11. Qg3 Bg4 12. f3 Bc5 13. Rad1 Be6 14. Qxg6
hxg6 15. h3 Nh5 16. Nce2 Rhe8 17. Kf2 Nf6 18. Nxe6 Bxe3+ 19. Kxe3 Rxe6 20.
Rxd8+ Kxd8 21. Rd1+ Rd6 22. Rd3 Nd7 23. Rxd6 cxd6 24. Nf4 Ke7 25. Nd3 Ne5 26.
Nxe5 dxe5 27. a4 Kd6 28. Kd3 Kc5 29. Kc3 a5 30. g3 1/2-1/2

[Event "Monday Cash Quad"]
[Site "Chicago, Ill."]
[Date "1994.08.08"]
[Round "2"]
[White "Taylor, Eric"]
[Black "Moody, David"]
[Result "1-0"]
[WhiteElo "1921"]
[BlackElo "203"]
[PlyCount "67"]
[EventDate "1994.08.08"]

1. e4 e5 2. Nf3 Nc6 3. Bb5 a6 4. Ba4 Nf6 5. O-O Be7 6. Re1 b5 7. Bb3 O-O 8. d3
d6 9. h3 Na5 10. c3 Nxb3 11. axb3 Bb7 12. Nbd2 Nd7 13. Nf1 f5 14. Qc2 fxe4 15.
dxe4 Nc5 16. Ng3 Ne6 17. b4 Nf4 18. Nf5 Nxh3+ 19. gxh3 Rxf5 20. exf5 Bxf3 21.
Kh2 e4 22. Rg1 d5 23. Bf4 Bd6 24. Qd2 Qf6 25. Qxd5+ Kf8 26. Qxa8+ Ke7 27. Bxd6+
Qxd6+ 28. Rg3 Qf4 29. Kg1 Kf7 30. Qd8 e3 31. Qd7+ Kf8 32. Qxg7+ Ke8 33. Qg8+
Kd7 34. Qe6+ 1-0

[Event "Monday Cash Quad"]
[Site "Chicago, Ill."]
[Date "1994.08.08"]
[Round "1"]
[White "Moody, David"]
[Black "Withgitt, Carolyn"]
[Result "1-0"]
[WhiteElo "2003"]
[BlackElo "1853"]
[PlyCount "105"]
[EventDate "1994.08.08"]

1. e4 e6 2. d4 d5 3. Nc3 Bb4 4. e5 c5 5. a3 Bxc3+ 6. bxc3 Ne7 7. Nf3 b6 8. a4
Ba6 9. Bxa6 Nxa6 10. Qe2 Nb8 11. Qb5+ Qd7 12. dxc5 Qxb5 13. axb5 bxc5 14. Be3
Nd7 15. b6 Nxb6 16. Bxc5 Kd7 17. Bxb6 axb6 18. Kd2 h6 19. Nd4 Ng6 20. f4 Rhc8
21. g3 Ra5 22. Rxa5 bxa5 23. Ra1 Ra8 24. Nb3 Ne7 25. Rxa5 Rxa5 26. Nxa5 Kc7 27.
Kd3 g5 28. c4 gxf4 29. gxf4 Kb6 30. Nb3 dxc4+ 31. Kxc4 Ng6 32. Nd2 Nxf4 33. Ne4
Nd5 34. Kd4 Kc6 35. c4 Ne7 36. Nd6 Nf5+ 37. Nxf5 exf5 38. h4 f4 39. h5 f3 40.
Ke3 f2 41. Kxf2 Kc5 42. Kf3 Kxc4 43. Kf4 Kd5 44. Kf5 Kd4 45. Kf6 Ke4 46. Kg7
Kxe5 47. Kxh6 Kf6 48. Kh7 Kg5 49. h6 f5 50. Kg7 f4 51. h7 f3 52. h8=Q f2 53.
Qf8 1-0

[Event "U.S. Open"]
[Site "Chicago, Ill."]
[Date "1994.08.08"]
[Round "2"]
[White "Moody, David"]
[Black "Hanken, Jerry"]
[Result "1/2-1/2"]
[WhiteElo "2003"]
[BlackElo "2296"]
[PlyCount "71"]
[EventDate "1994.08.07"]

1. e4 g6 2. d4 Bg7 3. Nf3 c5 4. c4 cxd4 5. Nxd4 Nc6 6. Be3 Nf6 7. Nc3 d6 8. Be2
Bd7 9. O-O O-O 10. f3 Rc8 11. Rc1 a6 12. Qd2 Nxd4 13. Bxd4 Bc6 14. Nd5 Bxd5 15.
cxd5 Qd7 16. Qa5 Rxc1 17. Rxc1 Rc8 18. Rc3 Nh5 19. Bxg7 Nxg7 20. f4 Ne8 21. e5
Rxc3 22. bxc3 Qc7 23. Qxc7 Nxc7 24. c4 b6 25. Bg4 Kf8 26. Bd7 f6 27. e6 Kg7 28.
a4 a5 29. Bb5 g5 30. Kf2 gxf4 31. Kf3 f5 32. Kxf4 Kf6 33. h4 h6 34. h5 Na8 35.
Bc6 Nc7 36. Bb5 1/2-1/2

[Event "U.S. Open"]
[Site "Chicago, Ill."]
[Date "1994.08.09"]
[Round "3"]
[White "Rowley, Robert"]
[Black "Moody, David"]
[Result "1-0"]
[WhiteElo "2376"]
[BlackElo "2003"]
[PlyCount "23"]
[EventDate "1994.08.07"]

1. e4 e5 2. Nf3 Nc6 3. Bb5 a6 4. Ba4 Nf6 5. O-O Be7 6. Re1 b5 7. Bb3 O-O 8. d4
exd4 9. e5 Ne8 10. Bd5 Bc5 11. c3 dxc3 12. Bxc6 1-0

[Event "U.S. Open"]
[Site "Chicago, Ill."]
[Date "1994.08.10"]
[Round "4"]
[White "Moody, David"]
[Black "Engelen, Mark"]
[Result "1/2-1/2"]
[WhiteElo "2003"]
[BlackElo "1714"]
[PlyCount "107"]
[EventDate "1994.08.07"]

1. e4 c5 2. Nf3 d6 3. d4 cxd4 4. Nxd4 Nf6 5. Nc3 e6 6. Bc4 Be7 7. Be3 a6 8. Qe2
b5 9. Bb3 b4 10. Na4 Nxe4 11. Nxe6 Bxe6 12. Bxe6 fxe6 13. Bb6 Qd7 14. Qxe4 d5
15. Qd4 Qxa4 16. Qxg7 Rf8 17. Qxh7 Qc6 18. Bd4 Nd7 19. Qg6+ Kd8 20. h4 Kc7 21.
Bg7 Rfe8 22. h5 e5 23. Qf7 Bf8 24. h6 Bxg7 25. hxg7 Qf6 26. Qxd5 Qxg7 27. O-O-O
Qe7 28. Rh6 Nf6 29. Rxf6 Qxf6 30. Qd7+ Kb6 31. Rd6+ Qxd6 32. Qxd6+ Kb5 33. b3
Rac8 34. Kb2 e4 35. a4+ Ka5 36. c3 Rxc3 37. Qd5+ Kb6 38. a5+ Kc7 39. Qf7+ Kd8
40. Qb7 e3 41. fxe3 Rcxe3 42. Qxb4 Re2+ 43. Ka3 R8e6 44. g4 R2e4 45. Qf8+ Kd7
46. g5 R4e5 47. g6 Rxa5+ 48. Kb4 Rg5 49. g7 Reg6 50. Qf7+ Kc8 51. g8=Q+ Rxg8
52. Qe6+ Kb7 53. Qd7+ Kb6 54. Qd6+ 1/2-1/2

[Event "U.S. Open"]
[Site "Chicago, Ill."]
[Date "1994.08.11"]
[Round "5"]
[White "Untermeyer, Abraham"]
[Black "Moody, David"]
[Result "0-1"]
[WhiteElo "1734"]
[BlackElo "2003"]
[PlyCount "118"]
[EventDate "1994.08.07"]

1. d4 Nf6 2. c4 c5 3. d5 e6 4. Nc3 exd5 5. cxd5 d6 6. e4 g6 7. Nf3 Bg7 8. Be2
O-O 9. Bg5 h6 10. Bf4 g5 11. Bg3 Nh5 12. Nd2 Nxg3 13. hxg3 a6 14. a4 f5 15.
exf5 Bxf5 16. Bg4 Nd7 17. O-O Ne5 18. Bxf5 Rxf5 19. Nde4 g4 20. f4 gxf3 21.
gxf3 Nc4 22. Qd3 Bd4+ 23. Nf2 Qg5 24. Nce4 Ne5 25. Nxg5 Nxd3 26. Nge4 Nxf2 27.
Nxf2 Rxf3 28. Kg2 Raf8 29. Ne4 Rxf1 30. Rxf1 Rxf1 31. Kxf1 Be5 32. Kf2 b5 33.
axb5 axb5 34. b3 Kf7 35. Ke3 Kg6 36. g4 h5 37. gxh5+ Kxh5 38. Kd3 Kg4 39. Nd2
Kf5 40. Nb1 Bb2 41. Kc2 Be5 42. Kd3 Bb2 43. Kc2 Bd4 44. Kd3 Ke5 45. Na3 b4 46.
Nc4+ Kxd5 47. Nxd6 Kxd6 48. Kc4 Kc6 49. Kd3 Kd5 50. Kc2 Ke4 51. Kd2 Bc3+ 52.
Kc2 Ke3 53. Kc1 Kd3 54. Kb1 Bd4 55. Ka2 Kc3 56. Kb1 Kxb3 57. Kc1 c4 58. Kb1 Be3
59. Ka1 c3 0-1

[Event "Thursday Cheap Quad"]
[Site "Chicago, Ill."]
[Date "1994.08.11"]
[Round "2"]
[White "Taylor, Eric"]
[Black "Moody, David"]
[Result "1-0"]
[WhiteElo "1921"]
[BlackElo "2003"]
[PlyCount "31"]
[EventDate "1994.08.11"]

1. e4 e5 2. Nf3 Nf6 3. Nxe5 d6 4. Nf3 Nxe4 5. d4 d5 6. Bd3 Bd6 7. c4 c6 8. Nc3
O-O 9. O-O Bf5 10. Bxe4 dxe4 11. Ng5 Re8 12. Re1 h6 13. Ngxe4 Bxh2+ 14. Kxh2
Qh4+ 15. Kg1 Bxe4 16. f3 1-0

[Event "Thursday Cheap Quad"]
[Site "Chicago, Ill."]
[Date "1994.08.11"]
[Round "1"]
[White "Moody, David"]
[Black "Bougerie, Dennis"]
[Result "0-1"]
[WhiteElo "2003"]
[BlackElo "1870"]
[PlyCount "50"]
[EventDate "1994.08.11"]

1. e4 e5 2. Nf3 Nc6 3. d4 exd4 4. Bc4 Nf6 5. O-O Nxe4 6. Re1 d5 7. Nc3 dxc4 8.
Rxe4+ Be7 9. Nxd4 O-O 10. Nxc6 bxc6 11. Rd4 Bd6 12. Bf4 Rb8 13. Bxd6 cxd6 14.
Rxd6 Qe7 15. Na4 Rb4 16. b3 cxb3 17. axb3 Re4 18. Nc5 Re2 19. h3 Re8 20. Kf1
Qe5 21. g3 Bxh3+ 22. Kg1 h6 23. Qd4 Re1+ 24. Rxe1 Qxe1+ 25. Kh2 Qf1 0-1

[Event "U.S. Open"]
[Site "Chicago, Ill."]
[Date "1994.08.12"]
[Round "6"]
[White "Moody, David"]
[Black "Yakowenko, Lawrence"]
[Result "1-0"]
[WhiteElo "2003"]
[BlackElo "1643"]
[PlyCount "47"]
[EventDate "1994.08.07"]

1. e4 e5 2. Nf3 Nf6 3. Bc4 Nxe4 4. Nc3 c6 5. Bxf7+ Kxf7 6. Nxe4 d5 7. Nxe5+ Ke6
8. Qg4+ Kxe5 9. d4+ Kxd4 10. c3+ Ke5 11. f4+ Kxe4 12. f5+ Ke5 13. Bf4+ Kf6 14.
Qg5+ Kf7 15. Qxd8 Bxf5 16. Bxb8 g6 17. Rf1 Rg8 18. Qd7+ Be7 19. Bd6 Rge8 20.
O-O-O Rad8 21. Rxf5+ gxf5 22. Qxf5+ Bf6 23. Qxh7+ Ke6 24. Bf4 1-0

[Event "U.S. Open"]
[Site "Chicago, Ill."]
[Date "1994.08.14"]
[Round "7"]
[White "Kinnaird, Rodney"]
[Black "Moody, David"]
[Result "0-1"]
[WhiteElo "2159"]
[BlackElo "2003"]
[PlyCount "148"]
[EventDate "1994.08.07"]

1. e4 e5 2. Nf3 Nc6 3. Bb5 a6 4. Ba4 Nf6 5. O-O Be7 6. Re1 b5 7. Bb3 O-O 8. c3
d5 9. exd5 Nxd5 10. Nxe5 Nxe5 11. Rxe5 c6 12. d4 Bd6 13. Re1 Qh4 14. g3 Qh3 15.
Be3 Bg4 16. Qd3 Rae8 17. Nd2 Re6 18. a4 f5 19. Qf1 Qh5 20. f4 bxa4 21. Rxa4 g5
22. Raa1 gxf4 23. Bxf4 Bxf4 24. Bxd5 cxd5 25. Qxf4 Rfe8 26. Re5 Rxe5 27. dxe5
Re6 28. Nb3 Rb6 29. Qd4 Rxb3 30. Qxd5+ Qf7 31. e6 Qa7+ 32. Kf1 Bh3+ 33. Ke2
Rxb2+ 34. Kd3 Qe7 35. Qd7 Qxd7+ 36. exd7 Rb8 37. Kd4 Rd8 38. Rxa6 Rxd7+ 39. Ke5
Rc7 40. Kf6 Rf7+ 41. Ke5 Bf1 42. Ra1 Bd3 43. Rd1 Bb5 44. Rd5 Bd7 45. c4 Kf8 46.
c5 Ke8 47. Rd6 Re7+ 48. Kf6 Bc8 49. c6 Rc7 50. Ke5 Kf7 51. Rh6 Kg7 52. Rd6 Re7+
53. Kd5 Re2 54. Kc5 Rxh2 55. Rd8 Rc2+ 56. Kb6 Be6 57. c7 h5 58. Kb7 Kf6 59. Rh8
Kg5 60. Kb8 Kg4 61. Rh6 Rb2+ 62. Ka7 Bc8 63. Rg6+ Kf3 64. Rg7 Rb7+ 65. Ka8 Kg2
66. Re7 Kxg3 67. Re3+ Kg4 68. Rg3+ Kf4 69. Rf3+ Ke5 70. Re3+ Kd6 71. Rd3+ Kxc7
72. Rc3+ Kd7 73. Rxc8 Ra7+ 74. Kb8 Ra8+ 0-1

[Event "U.S. Open"]
[Site "Chicago, Ill."]
[Date "1994.08.15"]
[Round "8"]
[White "Moody, David"]
[Black "Ippolito, Dean"]
[Result "0-1"]
[WhiteElo "2003"]
[BlackElo "2237"]
[PlyCount "34"]
[EventDate "1994.08.07"]

1. e4 e5 2. Nf3 Nf6 3. Bc4 Nxe4 4. Nc3 Nxc3 5. dxc3 f6 6. O-O Qe7 7. Nh4 g6 8.
Kh1 d6 9. f4 f5 10. Nf3 e4 11. Ng5 h6 12. Bf7+ Kd8 13. Qd4 hxg5 14. Qxh8 Qxf7
15. fxg5 Qg7 16. Qh6 Be6 17. h4 Qg8 0-1

[Event "U.S. Open"]
[Site "Chicago, Ill."]
[Date "1994.08.16"]
[Round "9"]
[White "Moody, David"]
[Black "Wheat, John"]
[Result "0-1"]
[WhiteElo "2003"]
[BlackElo "2159"]
[PlyCount "80"]
[EventDate "1994.08.07"]

1. e4 e6 2. d4 d5 3. Nc3 Bb4 4. e5 c5 5. a3 Bxc3+ 6. bxc3 Ne7 7. Nf3 Qa5 8. Bd2
Nbc6 9. a4 Bd7 10. Bb5 c4 11. Bxc6 Bxc6 12. Qb1 O-O 13. Qb4 Qc7 14. O-O f6 15.
Rfe1 Qd7 16. Bc1 Ng6 17. a5 fxe5 18. Nxe5 Nxe5 19. Rxe5 Qf7 20. Be3 Qg6 21. a6
Qxc2 22. Rxe6 Rab8 23. axb7 Rxb7 24. Qa3 Rb1+ 25. Rxb1 Qxb1+ 26. Bc1 Qc2 27. f3
Bd7 28. Re7 Bh3 29. Qb2 Qd1+ 30. Kf2 Bxg2 31. Qe2 Qxe2+ 32. Kxe2 Bxf3+ 33. Ke3
Be4 34. Rxa7 Rf3+ 35. Kd2 Rf2+ 36. Ke3 Rxh2 37. Kf4 Rc2 38. Ra8+ Kf7 39. Ra7+
Kg6 40. Ba3 Rxc3 0-1

[Event "U.S. Open"]
[Site "Chicago, Ill."]
[Date "1994.08.17"]
[Round "10"]
[White "Rosenberg, Steve"]
[Black "Moody, David"]
[Result "1-0"]
[WhiteElo "1774"]
[BlackElo "2003"]
[PlyCount "45"]
[EventDate "1994.08.07"]

1. Nf3 f5 2. d4 Nf6 3. g3 g6 4. Bg2 Bg7 5. Nbd2 O-O 6. c4 d6 7. d5 c6 8. dxc6
Nxc6 9. O-O e5 10. e4 fxe4 11. Ng5 e3 12. fxe3 h6 13. Nge4 Be6 14. Nxf6+ Rxf6
15. Rxf6 Bxf6 16. Bd5 Bxd5 17. cxd5 Nb4 18. Qg4 Qb6 19. Qxg6+ Bg7 20. Nc4 Qc5
21. Nxd6 Rf8 22. Nf5 Rf7 23. Nxh6+ 1-0

[Event "U.S. Open"]
[Site "Chicago, Ill."]
[Date "1994.08.18"]
[Round "12.1"]
[White "Moody, David"]
[Black "Peterson, Andrea"]
[Result "1-0"]
[WhiteElo "2003"]
[BlackElo "1814"]
[PlyCount "55"]
[EventDate "1994.08.07"]

1. e4 e6 2. d4 d5 3. Nc3 Nf6 4. Bg5 Be7 5. e5 Nfd7 6. h4 Bxg5 7. hxg5 Qxg5 8.
Nh3 Qe7 9. Nf4 a6 10. Qg4 g6 11. Bd3 c5 12. Bxg6 cxd4 13. Ncxd5 exd5 14. Bxf7+
Qxf7 15. e6 Qf6 16. O-O-O Ne5 17. Qh5+ Kd8 18. Nxd5 Qxe6 19. Qg5+ Kd7 20. Qg7+
Nf7 21. Nf4 Qe7 22. Rhe1 Qf8 23. Rxd4+ Kc6 24. Rc4+ Kb5 25. a4+ Kb6 26. Nd5+
Ka7 27. Qd4+ b6 28. Qxb6# 1-0

[Event "U.S. Open"]
[Site "Chicago, Ill."]
[Date "1994.08.19"]
[Round "12"]
[White "Gant, George"]
[Black "Moody, David"]
[Result "1/2-1/2"]
[WhiteElo "1751"]
[BlackElo "2003"]
[PlyCount "43"]
[EventDate "1994.08.07"]

1. e4 e5 2. f4 d5 3. exd5 e4 4. d3 Qxd5 5. Nc3 Bb4 6. Bd2 Bxc3 7. Bxc3 Nf6 8.
dxe4 Qxe4+ 9. Qe2 Bf5 10. O-O-O Nbd7 11. Nf3 O-O 12. Qxe4 Bxe4 13. Bd3 Bxd3 14.
Rxd3 Nc5 15. Re3 Rad8 16. Bxf6 gxf6 17. Rhe1 Ne6 18. g3 Rd7 19. Nd2 Rfd8 20.
Ne4 Kg7 21. R3e2 Nd4 22. Re3 1/2-1/2

[Event "Trenton Action Quads (October)"]
[Site "Trenton, Mich."]
[Date "1994.10.22"]
[Round "1"]
[White "Gabbara, Faris"]
[Black "Moody, David"]
[Result "1-0"]
[WhiteElo "2197"]
[BlackElo "2000"]
[PlyCount "71"]
[EventDate "1994.10.22"]

1. e4 e5 2. Nf3 Nc6 3. d4 exd4 4. Bc4 Nf6 5. e5 Ne4 6. Bd5 Bb4+ 7. c3 dxc3 8.
O-O cxb2 9. Bxb2 Nc5 10. a3 Ba5 11. Nc3 O-O 12. Qc2 Ne6 13. Ne2 Qe7 14. Rac1
Bb6 15. Qf5 Bc5 16. a4 Ba3 17. Bxa3 Qxa3 18. Rc4 Ne7 19. Qe4 Nxd5 20. Qxd5 Qe7
21. Ng3 g6 22. Ne4 Rd8 23. Nf6+ Kg7 24. Rh4 Rh8 25. Qd2 h5 26. g4 d6 27. Nd5
Qd8 28. gxh5 Rxh5 29. Rxh5 gxh5 30. Kh1 dxe5 31. Rg1+ Kf8 32. Qh6+ Ke8 33. Rg8+
Kd7 34. Nxe5+ Kd6 35. Rxd8+ Kxe5 36. Qf6+ 1-0

[Event "Trenton Action Quads (October)"]
[Site "Trenton, Mich."]
[Date "1994.10.22"]
[Round "3"]
[White "Foord, Allan"]
[Black "Moody, David"]
[Result "0-1"]
[WhiteElo "1622"]
[BlackElo "2000"]
[PlyCount "74"]
[EventDate "1994.10.22"]

1. e4 e5 2. Nf3 Nc6 3. Bb5 a6 4. Ba4 Nf6 5. O-O Be7 6. Re1 b5 7. Bb3 O-O 8. a4
Bb7 9. d3 d6 10. Nbd2 Na5 11. Ba2 c5 12. c3 Nc6 13. h3 Qb6 14. c4 bxa4 15. Qxa4
Qb4 16. Qd1 Nd7 17. Bb1 Nd4 18. Ra4 Qb6 19. Nxd4 cxd4 20. Nf3 Nc5 21. Ra3 f5
22. exf5 Rxf5 23. Nh2 Raf8 24. f3 Bh4 25. Re2 a5 26. Qc2 a4 27. Bd2 Bc6 28. Ng4
h5 29. Nf2 Bxf2+ 30. Rxf2 Qb7 31. Qd1 Nb3 32. Be1 Qf7 33. Bc2 Nc5 34. b3 axb3
35. Bxb3 Qg6 36. Kh2 Rg5 37. Bb4 Nxd3 $138 0-1

[Event "East Lansing (MOR/5/1)"]
[Site "?"]
[Date "1995.??.??"]
[Round "?"]
[White "al-Shareef, Robert"]
[Black "Zubatch, Steve"]
[Result "0-1"]
[WhiteElo "1710"]
[BlackElo "1720"]
[PlyCount "88"]
[EventDate "1995.??.??"]

{5/(1)} 1. e4 g6 2. Nf3 Bg7 3. d4 d6 4. c4 Nf6 5. Nc3 O-O 6. Be2 e5 7. O-O Nc6
8. d5 Ne7 9. Nh4 Ne8 10. Be3 Nxd5 11. Nxd5 Qxh4 12. f4 exf4 13. Rxf4 Qd8 14.
Bd4 Be6 15. Bxg7 Kxg7 16. Qd4+ Kg8 17. Nf6+ Nxf6 18. Rxf6 Qd7 19. Raf1 b6 20.
R1f4 Qc6 21. b4 a5 22. a3 axb4 23. axb4 Qa4 24. Qd2 Qa2 25. Qxa2 Rxa2 26. Bd3
Ra4 27. c5 Rxb4 28. cxd6 cxd6 29. Rf3 Ra8 30. Kf2 Rb2+ 31. Kg3 Raa2 32. Bf1 b5
33. Rf2 Rxf2 34. Rxf2 Rxf2 35. Kxf2 Bc4 36. Be2 Bxe2 37. Kxe2 Kg7 38. Kd3 Kf6
39. Kc3 Ke5 40. Kb4 Kxe4 41. Kxb5 d5 42. Kb4 d4 43. Kb3 Ke3 44. Kc2 Ke2 0-1

[Event "East Lansing (Class C/2/1)"]
[Site "?"]
[Date "1995.??.??"]
[Round "?"]
[White "al-Shareef, Robert"]
[Black "Venia, Mike"]
[Result "1-0"]
[WhiteElo "1605"]
[BlackElo "1605"]
[PlyCount "51"]
[EventDate "1995.??.??"]

{2/(1)} 1. e4 Nf6 2. d3 d5 3. Nd2 c5 4. Ngf3 b6 5. g3 Bb7 6. e5 Nfd7 7. Bg2 e6
8. O-O Nc6 9. Re1 Qc7 10. Qe2 Be7 11. c3 d4 12. Ne4 Ndxe5 13. Nxe5 Nxe5 14.
cxd4 cxd4 15. Bf4 Qc6 16. Bxe5 Qd7 17. Bxg7 Rg8 18. Nf6+ Bxf6 19. Bxb7 Qxb7 20.
Bxf6 Rg6 21. Qe5 Qf3 22. Bg5 Rc8 23. Rac1 Rxc1 24. Rxc1 Qxd3 25. Rc8+ Kd7 26.
Qc7# 1-0